00497nam a2200145Ia 4500003000500000005001700005008004100022020001800063050002900081100002200110245008100132260007000213300004400283650002400327SISC20181204071001.0181126s9999 xx 000 0 und d a9789715380212 aDS 675.8 .P47b.K14 2011 aKalaw, Teodoro M. cTeodoro M. KalawaAn Acceptable holocaust:blife and death of a boy-general/ aManila :bNational Historical Commission of the Philippinesc2011 axii, 108 pages :billustrated ;c23 cm. adel Pilar, Gregorio